Budgeting in Indian defence estates service organisation (Record no. 501551)

000 -LEADER
fixed length control field 00399cam a22001217a 4500
008 - FIXED-LENGTH DATA ELEMENTS--GENERAL INFORMATION
fixed length control field 180718b1991 xxu||||| |||| 00| 0 eng d
082 ## - DEWEY DECIMAL CLASSIFICATION NUMBER
Classification number APPPA 90-91 RAY
100 ## - MAIN ENTRY--PERSONAL NAME
Personal name Ray, N.B.
245 ## - TITLE STATEMENT
Title Budgeting in Indian defence estates service organisation
Statement of responsibility, etc. by N.B. Ray
260 ## - PUBLICATION, DISTRIBUTION, ETC.
Place of publication, distribution, etc. New Delhi
Name of publisher, distributor, etc. Indian Institute of Public Administration
Date of publication, distribution, etc. 1991
300 ## - PHYSICAL DESCRIPTION
Extent 148p.
650 ## - SUBJECT ADDED ENTRY--TOPICAL TERM
Topical term or geographic name entry element Budgeting-Indian defence estates
Holdings
Withdrawn status Lost status Damaged status Not for loan Permanent Location Current Location Date acquired Full call number Barcode Date last seen Price effective from Koha item type
        Indian Institute of Public Administration Indian Institute of Public Administration 2018-08-04 APPPA 90-91 RAY GR12463 2018-08-04 2018-08-04 GR

Powered by Koha